La vida de las mujeres (Registro nro. 184150)

Detalles MARC
000 -ENCABEZADO
Número de control [NR] 00897cam a22002533 4500
005 - FECHA Y HORA DE LA ÚLTIMA TRANSACCIÓN
control field 20140903175017.0
008 - DE LONGITUD FIJA DE DATOS DE ELEMENTOS - INFORMACIÓN GENERAL
Elementos de longitud fija [NR] 140129s2011 sp frn 001 0 spa d
020 ## - NUMERO INTERNACIONAL NORMALIZADO PARA LIBROS [R]
Número Internacional Normalizado del libro [NR] 9789588639444
040 ## - FUENTE DE CATALOGACION [NR]
Agencia de catalogación original [NR] Co-BoUCM
Idioma de catalogación [NR] spa
Quien Cataloga
Quien Clasifica Aldemar Mondragón (modificó)
041 ## - CODIGO DE IDIOMA [R]
Código de idioma para texto/pista de sonido o título separado [R] Español
100 1# - ASIENTO PRINCIPAL--NOMBRE PERSONAL [NR]
Nombre personal [NR] Munro, Alice
Fechas asociadas con el nombre [NR] 1931-
ID Autoridad 54519
245 13 - MENCION DE TITULO [NR]
Título [NR] La vida de las mujeres
Mención de responsabilidad, etc. [NR] Alice Munro ; traducción de Aurora Echearría
260 ## - PUBLICACION, DISTRIBUCION, ETC. (PIE DE IMPRENTA) [R]
Lugar de publicación, distribución, etc. [R] Barcelona
Nombre del editor, distribuidor, etc. [R] Lumen/Futura
Fecha de publicación, distribución, etc. [R] 2011
300 ## - DESCRIPCION FISICA [R]
Extensión [R] 375 páginas
500 ## - NOTA GENERAL [R]
Nota general [NR] Incluye índice
650 #7 - ASIENTO SECUNDARIO DE MATERIA - TERMINO TEMATICO [R]
Término temático o nombre geográfico como elemento de entrada [NR] Literatura canadiense
9 (RLIN) 18619
650 #7 - ASIENTO SECUNDARIO DE MATERIA - TERMINO TEMATICO [R]
Término temático o nombre geográfico como elemento de entrada [NR] Mujeres en la literatura
9 (RLIN) 19920
650 #7 - ASIENTO SECUNDARIO DE MATERIA - TERMINO TEMATICO [R]
Término temático o nombre geográfico como elemento de entrada [NR] Novela canadiense
9 (RLIN) 20477
650 #7 - ASIENTO SECUNDARIO DE MATERIA - TERMINO TEMATICO [R]
Término temático o nombre geográfico como elemento de entrada [NR] Vida cotidiana
Subdivisión de forma [R] Novela
9 (RLIN) 56024
651 #4 - ASIENTO SECUNDARIO DE MATERIA - NOMBRE GEOGRAFICO [R]
Nombre geográfico [NR] Canadá
Subdivisión general [R] Vida social y costumbres
Subdivisión de forma [R] Novela
9 (RLIN) 48007
690 ## - ASUNTO AGREGADO LOCAL DE ENTRADA - TÉRMINO TEMÁTICO (OCLC, RLIN)
9 (RLIN) 42862
Acceso temático local Literatura estadounidense
942 ## - ELEMENTOS DE ENTRADA AGREGADOS (KOHA)
Tema principal Literatura
Tipo de ítem principal el descrito en 300a Libro
Edición 1
Parte restante de la signatura top. M968v
Sistema de clasificación DEWEY
Clasificación 813.54
Existencias
Fecha de último préstamo Total préstamos Total Renewals Signatura topográfica Código de barras Última vez visto Ejemplar Costo de reposición Price effective from Tipo de ítem Perdido Sistema de clasificación Dañado No prestable Tipo de ítem específico Suprimido Ubicación habitual Ubicación actual Localización Fecha de creación Proveedor Forma de adquisición Costo
13/04/2023 12 15 813.54 M968v 100139853 09/12/2025 Ej.1 50150.00 17/12/2013 Libro   DEWEY     Libro   Claustro Claustro 2do piso 17/12/2013 10 Compra 50150.00